000 00935nam a22002297a 4500
999 _c19014
_d19014
003 AR-CdUCM
008 190516b ||||| |||| 00| 0 spa d
040 _aMUNICIPALIDAD PROVINCIAL DEL CUSCO
_cBIBLIOTECA MUNICIPAL DEL CUSCO
082 _a637 /
_bN82
100 _aNordby, Julius E.
_923878
245 _aSelección, preparación y exposición de ganado lechero /
260 _aBuenos Aires :
_bAlbatros,
_c1971.
300 _a146 paginas ;
_bIlustraciones,
_c21 cm.
505 _aContenido : Términos útiles para la descripción del ganado lechero -- Selección del ganado lechero - Preparación del ganado lechero -- Exposición del ganado lechero.
650 _aGanado lechero
_932672
650 _aProducción lechera
_940052
700 _aLattig, Herbert E.
_940053
700 _aZariategui, (Traducción)
_940054
710 _aCentro Regional de Ayuda Tecnica
_910048
942 _2ddc
_cLIBROS
945 _awnts
_d2019-05-16